10 powiatów najbardziej wysuniętych na południe Polski - Statystyki

Ogólne statystyki
  • Ten quiz został rozwiązany 1 243 razy
  • Średni wynik to 7 z 10
Statystyki odpowiedzi
Powiat % Poprawnych
tatrzański
89%
bieszczadzki
81%
nowosądecki
75%
nowotarski
75%
sanocki
69%
krośnieński
68%
gorlicki
59%
leski
58%
jasielski
57%
żywiecki
55%
Nie znaleziono quizów pasujących do podanych kryteriów
Rozkład punktacji
Procent ludzi z każdym wynikiem
Percentyl według liczby udzielonych odpowiedzi
Twoja historia wyników
Nie rozwiązałeś tego quizu